000 004350000a22001690004500
041 0 _aSPA
082 0 4 _aG 253 A6621c
100 1 _aArana Quiroz, Pedro
245 1 0 _aLa evangelización corazón de la misión / Pedro Arana Quiroz
260 _aLima, Perú : SBP
300 _a32 Pag
001 6140
942 _cBK
999 _c36433
_d36433
336 _atexto
_btxt
_2rdacontent
337 _2rdamedia
_asin mediación
_bn
338 _2rdacarrier
_avolumen
_bnc